00326nam a2200121Ia 4500008004100000041000800041100001400049245003100063260004600094300000900140520002500149650003000174230818s1993 xx 000 0 und d aeng aLillicrap aFood and Berverage Service bEducational law Priceed Books Shemec1993 a400p aGeneral | Hard Board aFood and Beverage service